Catálogo
Digital

Catálogo
Digital

Manual de técnicas (Record no. 14467)

MARC details
000 -CABECERA
campo de control de longitud fija 01013nam a2200289 4500
003 - IDENTIFICADOR DEL NÚMERO DE CONTROL
campo de control EC-UNACH
006 - CÓDIGOS DE INFORMACIÓN DE LONGITUD FIJA--CARACTERÍSTICAS DEL MATERIAL ADICIONAL
campo de control de longitud fija s||||gr|||| 00| 00
008 - DATOS DE LONGITUD FIJA--INFORMACIÓN GENERAL
campo de control de longitud fija 150116t9999 mx r gr 000 0 spa d
020 ## - NÚMERO INTERNACIONAL ESTÁNDAR DEL LIBRO
Número Internacional Estándar del Libro 950-724-190-6
040 ## - FUENTE DE LA CATALOGACIÓN
Centro catalogador/agencia de origen EC-UNACH
Centro/agencia transcriptor EC-UNACH
041 ## - CÓDIGO DE LENGUA
Código de lengua del texto/banda sonora o título independiente spa
082 04 - NÚMERO DE LA CLASIFICACIÓN DECIMAL DEWEY
Número de edición 23
Número de clasificación 371.36
Número de documento/Ítem L018656
100 ## - ENTRADA PRINCIPAL--NOMBRE DE PERSONA
Nombre de persona Antunes, Celso
245 ## - MENCIÓN DE TÍTULO
Título Manual de técnicas
Resto del título De dinámica de grupo, de sensibilización y lúdico-pedagógicas
250 ## - MENCIÓN DE EDICIÓN
Mención de edición Primera Edición
264 ## - Producción, publicación, distribución, fabricación y copyright
Lugar de producción, publicación, distribución, fabricación Argentina
Nombre del de productor, editor, distribuidor, fabricante Editorial LUMEN
Fecha de de producción, publicación, distribución, fabricación o copyright 1999
300 ## - DESCRIPCIÓN FÍSICA
Extensión 228 paginas
Otras características físicas Gráficos
Dimensiones 21 cm.
500 ## - NOTA GENERAL
Nota general Este libro representa el producto de una experiencia de veinticinco años en trabajos de dinámica de grupo en escuelas de primer, segundo y tercer nivel
505 ## - NOTA DE CONTENIDO CON FORMATO
Nota de contenido con formato Técnicas Pedagógicas.- Técnicas Lúdico - Pedagógicas
650 ## - PUNTO DE ACCESO ADICIONAL DE MATERIA--TÉRMINO DE MATERIA
Término de materia o nombre geográfico como elemento inicial RESULTADOS
650 ## - PUNTO DE ACCESO ADICIONAL DE MATERIA--TÉRMINO DE MATERIA
Término de materia o nombre geográfico como elemento inicial TECNICAS
650 ## - PUNTO DE ACCESO ADICIONAL DE MATERIA--TÉRMINO DE MATERIA
Término de materia o nombre geográfico como elemento inicial ETAPAS
942 ## - ELEMENTOS DE PUNTO DE ACCESO ADICIONAL (KOHA)
Fuente del sistema de clasificación o colocación Clasificación Decimal Dewey
Tipo de ítem Koha Libros
999 ## - NÚMEROS DE CONTROL DE SISTEMA (KOHA)
Koha biblionumber 14467
Holdings
Estado de pérdida Fuente del sistema de clasificación o colocación Estado dañado No para préstamo Localización permanente Ubicación/localización actual Ubicación en estantería Fecha de adquisición Número de inventario Total de préstamos Signatura topográfica completa Código de barras Fecha visto por última vez Precio válido a partir de Tipo de ítem Koha Centro de costos
  Clasificación Decimal Dewey     Biblioteca Campus Sur Biblioteca Campus Sur Biblioteca Campus Sur - Generalidades 31/03/2026 39933077   371.36 ANT L018656 L018656 31/03/2026 31/03/2026 Libros  

Powered by Koha